000
00320nam a2200133Ia 4500
008
240624s9999 xx 000 0 und d
041
_a
eng
082
_a
823 JOS
100
_a
JOSEPH SARAH
245
_a
GIFT IN GREEN
260
_c
2011
_a
New Delhi
_b
Harper Perennial
300
_a
348 : p. : cm. ; 20
365
_c
RS
_b
25
999
_c
18502
_d
18502